[Event "AUTO-OPEN-4464"]
[Site "http://www.queenalice.com/game.php?id=1817925"]
[Date "2023.8.3"]
[Round "1"]
[White "maurice916"]
[Black "Boeing"]
[Result "1-0"]
[WhiteElo "1817"]
[BlackElo "2005"]

1. Nf3 Nc6 2. e3 e5 3. d4 exd4 4. Nxd4 Nxd4 5. exd4 Bb4+ 6. c3 Ba5 7. Bc4 Nf6 8.
O-O O-O 9. Bg5 h6 10. Bh4 d5 11. Bb3 Be6 12. Nd2 1-0

[Event "AUTO-OPEN-4464"]
[Site "http://www.queenalice.com/game.php?id=1817926"]
[Date "2023.8.3"]
[Round "1"]
[White "Boeing"]
[Black "maurice916"]
[Result "0-1"]
[WhiteElo "1981"]
[BlackElo "1841"]

1. e4 c6 2. Nf3 d5 3. exd5 cxd5 4. Bb5+ Bd7 5. Bxd7+ Nxd7 6. O-O e5 7. Re1 f6 8.
Nd4 Kf7 9. Nb5 a6 10. N5c3 Nb6 11. b3 Bd6 0-1

[Event "AUTO-OPEN-4421"]
[Site "http://www.queenalice.com/game.php?id=1818272"]
[Date "2023.8.8"]
[Round "2"]
[White "josebaron"]
[Black "Boeing"]
[Result "1-0"]
[WhiteElo "2201"]
[BlackElo "1959"]

1. e4 e5 2. Nf3 d6 3. d4 exd4 4. Nxd4 c5 5. Nf3 h6 6. Bb5+ Bd7 7. Bxd7+ Nxd7 8.
O-O Ngf6 9. Re1 Be7 10. c4 O-O 11. Nc3 a6 12. a4 Ne5 13. Nxe5 dxe5 14. Qe2 b5
15. axb5 axb5 16. Rxa8 Qxa8 17. Nxb5 Rd8 18. Nc3 h5 19. Nd5 Nxd5 20. exd5 g6 21.
Qxe5 Bf8 22. Bg5 Bg7 23. Qe7 Rb8 24. d6 Rxb2 25. d7 Rb8 26. Qxc5 Bf8 27. Qe5 Bb4
28. Bh6 Bf8 29. Bxf8 Rd8 30. Qg7# 1-0

[Event "AUTO-OPEN-4421"]
[Site "http://www.queenalice.com/game.php?id=1818273"]
[Date "2023.8.8"]
[Round "2"]
[White "Boeing"]
[Black "josebaron"]
[Result "0-1"]
[WhiteElo "1953"]
[BlackElo "2225"]

1. e4 e5 2. Nf3 Nc6 3. Bb5 d6 4. Bxc6+ bxc6 5. O-O Nf6 6. d3 Be7 7. Bg5 Bg4 8.
Bxf6 Bxf6 9. Nc3 O-O 10. a4 a5 11. h3 Bh5 12. g4 Bg6 13. h4 Bxh4 14. Nxh4 Qxh4
15. Qf3 Rab8 16. b3 Qg5 17. Kh2 Qd2 18. Ne2 Qxc2 19. Rfc1 Qd2 20. Rxc6 Rxb3 21.
Qe3 Rxd3 22. Qxd2 Rxd2 23. Re1 Bxe4 24. Rxc7 f5 25. g5 f4 26. g6 Bxg6 27. Kg1
Be8 28. Nc3 Rc2 29. Nb5 Rxc7 30. Nxc7 Bxa4 31. Ra1 Bc6 32. Rxa5 Rb8 33. Ne6 Rb1+
34. Kh2 Rh1# 0-1

[Event "AUTO-OPEN-4421"]
[Site "http://www.queenalice.com/game.php?id=1818278"]
[Date "2023.8.8"]
[Round "2"]
[White "princesher"]
[Black "Boeing"]
[Result "1/2-1/2"]
[WhiteElo "1935"]
[BlackElo "1948"]

1. e4 e5 2. a3 a6 3. d3 h6 4. Be3 Nc6 5. Nf3 Nf6 6. Be2 Bd6 7. h3 O-O 8. Nc3 b5
9. b4 a5 10. Nxb5 Ba6 11. Nxd6 cxd6 12. c3 d5 13. exd5 Nxd5 14. Qd2 Qf6 15. Rb1
axb4 16. axb4 e4 17. Bd4 Nxd4 18. Nxd4 exd3 19. Bxd3 Rfe8+ 20. Be2 Nf4 21. b5
Bb7 22. f3 Nxg2+ 23. Kf2 Nf4 24. h4 Bd5 25. c4 Ra4 26. Rbc1 Bb7 27. Qc3 Ra2 28.
Kf1 Nxe2 29. Nxe2 Rexe2 30. Qxf6 gxf6 31. Rg1+ Kf8 32. Rc3 Rf2+ 33. Ke1 Bxf3 34.
Re3 Be2 35. Kxf2 Bxc4+ 36. Kg3 Bxb5 37. Rb1 Bc6 38. Rg1 h5 39. Kh3 f5 40. Kg3
Ra4 41. Kh3 f4 42. Rb3 f3 43. Rb8+ Ke7 44. Re1+ Kf6 45. Rf1 Kf5 46. Rh8 Kg6 47.
Rg1+ Rg4 48. Rg8+ Kf5 49. R8xg4 hxg4+ 50. Kg3 d5 51. h5 Kg5 52. h6 Kxh6 53. Kxg4
d4 54. Rf1 d3 55. Rf2 Kg6 56. Kf4 f5 57. Rd2 Be4 58. Rf2 Kf6 59. Rd2 Kg6 60. Rf2
Kf6 61. Rd2 Kg6 62. Rf2 1/2-1/2

[Event "AUTO-OPEN-4421"]
[Site "http://www.queenalice.com/game.php?id=1818279"]
[Date "2023.8.8"]
[Round "2"]
[White "Boeing"]
[Black "princesher"]
[Result "0-1"]
[WhiteElo "1947"]
[BlackElo "1953"]

1. e4 e5 2. Nf3 d6 3. Bb5+ c6 4. Ba4 Bg4 5. h3 Bxf3 6. Qxf3 b5 7. Bb3 Qf6 8.
Qxf6 Nxf6 9. d3 h6 10. O-O Be7 11. c4 bxc4 12. Bxc4 O-O 13. Nc3 Nbd7 14. b4 a6
15. a4 Rfb8 16. Ba3 Ne8 17. f4 exf4 18. Rxf4 Nef6 19. d4 Rf8 20. g4 Nb6 21. Bb3
g5 22. Rf5 Kg7 23. Raf1 Nbd7 24. d5 c5 25. b5 axb5 26. Nxb5 Nxe4 27. Bb2+ f6 28.
Kg2 Nd2 29. Re1 Rf7 30. Bc2 Nc4 31. Bc3 Ndb6 32. a5 Nxa5 33. h4 Nac4 34. hxg5
hxg5 35. Rxg5+ Kf8 36. Rh1 Bd8 37. Rh8+ Ke7 38. Bxf6+ Kxf6 39. Rf5+ Ke7 40. Rg5
Ne3+ 41. Kg3 Nxc2 42. Kh4 Kd7 43. Rxd8+ Rxd8 44. Kg3 Rdf8 45. Rg6 Rf6 46. Rg7+
R8f7 47. Rg8 Rf3+ 48. Kh4 Nxd5 49. g5 Rh7+ 50. Kg4 Rf4+ 51. Kg3 Rhh4 52. Rg7+
Ne7 53. Nc3 Nd4 54. Rxe7+ Kxe7 55. Nd5+ Kf7 56. Nxf4 Rxf4 57. Kxf4 Ne6+ 58. Ke4
Nxg5+ 59. Kd5 Nh7 60. Kc4 Ke6 61. Kd3 Kd5 62. Kc3 c4 63. Kd2 Kd4 64. Kc2 c3 65.
Kd1 Kd3 66. Kc1 c2 67. Kb2 Kd2 0-1

[Event "AUTO-ADV-4690"]
[Site "http://www.queenalice.com/game.php?id=1824115"]
[Date "2023.10.28"]
[Round "2"]
[White "BeatifulDevil56"]
[Black "Boeing"]
[Result "1-0"]
[WhiteElo "1904"]
[BlackElo "1983"]

1. e4 e5 2. Nc3 c6 3. d4 exd4 4. Qxd4 c5 5. Qe5+ Ne7 6. Bc4 Nc6 7. Qxc5 d6 8.
Qh5 g6 9. Qf3 Be6 10. Bxe6 fxe6 11. Qh3 Nd4 12. Qd3 Bg7 13. Nge2 e5 14. Nxd4
exd4 15. Ne2 Nc6 16. Qb3 d3 17. cxd3 b6 18. Qe6+ Ne7 19. Nf4 Qd7 20. Qxd7+ Kxd7
21. Rb1 Rhf8 22. O-O a5 23. b3 b5 24. f3 Bh6 25. Ne2 Bxc1 26. Rbxc1 g5 27. Rc2
b4 28. Rfc1 Ke6 29. Nd4+ Ke5 30. Ne2 h5 31. d4+ Ke6 32. d5+ Ke5 33. Rc7 Kf6 34.
Rd7 Nc8 35. Nd4 Ke5 36. Nc6+ Kf4 37. Ne7 Nxe7 38. Rxe7 Rac8 39. Rc6 Rxc6 40.
dxc6 Rc8 41. c7 g4 42. fxg4 hxg4 43. g3+ Kf3 44. Kf1 Ke3 45. Kg2 Kd3 46. h3
gxh3+ 47. Kxh3 Kc2 48. g4 Kb2 49. g5 Kxa2 50. g6 Kxb3 51. g7 a4 52. Rf7 a3 53.
Rf8 Rxf8 54. gxf8=Q a2 55. Qa8 Kb2 56. c8=Q a1=Q 57. Qxa1+ Kxa1 58. Qc2 d5 59.
Qa4+ Kb2 60. Qxb4+ Kc2 61. exd5 1-0

[Event "AUTO-ADV-4690"]
[Site "http://www.queenalice.com/game.php?id=1824116"]
[Date "2023.10.28"]
[Round "2"]
[White "Boeing"]
[Black "BeatifulDevil56"]
[Result "1/2-1/2"]
[WhiteElo "1948"]
[BlackElo "1927"]

1. e4 e5 2. Nf3 Nc6 3. Bb5 Nge7 4. Bxc6 Nxc6 5. O-O Be7 6. Nc3 d6 7. Nd5 O-O 8.
b4 b5 9. Qe2 a6 10. a4 Bb7 11. axb5 axb5 12. Rxa8 Bxa8 13. Qxb5 Nd4 14. Nxd4
exd4 15. Bb2 c6 16. Nxe7+ Qxe7 17. Qd3 c5 18. bxc5 dxc5 19. f3 Qb7 20. Ba3 Qa7
21. Ra1 Qa4 22. h3 Rc8 23. Bb2 Qb4 24. Ra2 g6 25. c3 dxc3 26. Bxc3 Qb6 27. Kf1
Bc6 28. Ra6 Qb8 29. Ra5 Rd8 30. Qc2 Bb5+ 31. Kf2 Qb6 32. Kg3 Qd6+ 33. e5 Qc6 34.
Qb2 Bc4 35. e6 Qxe6 36. Bh8 Kf8 37. Qg7+ Ke7 38. Ra7+ Rd7 39. Rxd7+ Kxd7 40. d4
Qd6+ 41. f4 Qe6 42. Kh4 Qe1+ 43. g3 Qd1 44. Qe5 Qxd4 45. Qxd4+ cxd4 46. Bxd4 h5
47. Kg5 Ke7 48. Bf6+ Ke6 49. g4 hxg4 50. hxg4 Bd3 51. Be5 Be4 1/2-1/2

[Event "AUTO-ADV-4690"]
[Site "http://www.queenalice.com/game.php?id=1824119"]
[Date "2023.10.28"]
[Round "2"]
[White "Boeing"]
[Black "Daniel1962"]
[Result "1-0"]
[WhiteElo "1928"]
[BlackElo "1703"]

1. e4 e6 2. Nc3 Nc6 3. Nf3 Nf6 4. Bb5 Bc5 5. Bxc6 dxc6 6. O-O h6 7. e5 Nd5 8.
Nxd5 cxd5 9. d4 Bb6 10. b4 Bd7 11. a4 a6 12. a5 Ba7 13. Ra3 Bb5 14. Re1 Qe7 15.
c3 b6 16. Qc2 bxa5 17. bxa5 c5 18. dxc5 Qxc5 19. Nd4 O-O 20. Nxb5 axb5 21. a6 d4
22. h3 d3 23. Qd2 Rfd8 24. Re3 Rac8 25. Bb2 Rb8 26. Rf3 Qxe5 27. c4 Qc7 28. cxb5
Rxb5 29. Raxd3 Rxd3 30. Rxd3 Bb8 31. Rd8+ Kh7 32. Qd3+ f5 33. Rxb8 Rxb8 34. Qe2
Ra8 35. g4 fxg4 36. Qe4+ Kh8 37. Qxa8+ Kh7 38. Qe4+ Kg8 39. Qxe6+ Kh7 40. Qxg4
g5 41. Qd4 h5 42. a7 Qc8 43. Qg7# 1-0

[Event "AUTO-ADV-4690"]
[Site "http://www.queenalice.com/game.php?id=1824120"]
[Date "2023.10.28"]
[Round "2"]
[White "Daniel1962"]
[Black "Boeing"]
[Result "0-1"]
[WhiteElo "1729"]
[BlackElo "1930"]

1. d4 d5 2. Bf4 Nf6 3. e3 a6 4. Nf3 Nc6 5. c4 dxc4 6. Bxc4 Bg4 7. Nbd2 Bxf3 8.
Nxf3 e6 9. Be5 Ne4 10. a3 b5 11. Bd3 Qd5 12. Bxe4 Qxe4 13. Bxc7 Be7 14. O-O O-O
15. Be5 Nxe5 16. Nxe5 f6 17. Nd7 Rfd8 18. Nxf6+ Bxf6 19. Rc1 Rd5 20. Rc7 g6 21.
Qb3 Bd8 22. Rc6 Kg7 23. a4 h5 24. axb5 Rg5 25. f3 Qd5 26. Qa4 Qxb5 27. Qxb5 Rxb5
28. Rxe6 Rxb2 29. e4 a5 30. d5 a4 31. d6 Ra6 32. e5 Kf7 33. Rf6+ Bxf6 34. exf6
Rxd6 35. g4 Rdd2 36. gxh5 Rg2+ 37. Kh1 Rxh2+ 38. Kg1 Rbg2# 0-1

[Event "AUTO-ADV-4744"]
[Site "http://www.queenalice.com/game.php?id=1824788"]
[Date "2023.11.7"]
[Round "1"]
[White "johnew"]
[Black "Boeing"]
[Result "0-1"]
[WhiteElo "1912"]
[BlackElo "1945"]

1. d4 d5 2. c4 dxc4 3. Nf3 b5 4. a4 b4 5. e3 Ba6 6. Ne5 Qd5 7. Be2 Qxg2 8. Bf3
Qh3 9. Bxa8 e6 10. Qf3 Qxf3 11. Bxf3 f6 12. Nc6 Nxc6 13. Bxc6+ Kd8 14. Bb5 Bb7
15. Rg1 Bd5 16. Ke2 Nh6 17. Nd2 Bd6 18. Bxc4 Bxc4+ 19. Nxc4 g5 20. Nxd6 cxd6 21.
a5 Kd7 22. Bd2 b3 23. Ra3 Rb8 24. Kd3 d5 25. Kc3 Nf7 26. Rxb3 Rxb3+ 27. Kxb3 a6
28. Kc2 e5 29. dxe5 Nxe5 30. Bc3 Nf3 31. Rg3 Nxh2 32. Rh3 Ng4 33. Rxh7+ Kc6 34.
Ra7 Kb5 0-1

[Event "AUTO-ADV-4744"]
[Site "http://www.queenalice.com/game.php?id=1824789"]
[Date "2023.11.7"]
[Round "1"]
[White "Boeing"]
[Black "johnew"]
[Result "0-1"]
[WhiteElo "1940"]
[BlackElo "2048"]

1. e4 c5 2. Bc4 e6 3. Nf3 Nc6 4. O-O Nf6 5. e5 Ng4 6. c3 Ngxe5 7. Nxe5 Nxe5 8.
Qe2 Nxc4 9. Qxc4 Be7 10. d4 cxd4 11. Qxd4 O-O 12. Qg4 d5 13. Bh6 Bf6 14. Na3 e5
15. Qg3 Bf5 16. Bd2 a6 17. b4 Rc8 18. Rac1 b5 19. Be3 d4 20. cxd4 exd4 21. Rfd1
dxe3 22. Qxe3 Rxc1 23. Rxc1 h6 24. h3 Qd6 25. Nb1 Bg5 26. f4 Bxf4 27. Qc5 Qxc5+
28. Rxc5 Be3+ 29. Kh2 Bxc5 30. bxc5 Bxb1 0-1

[Event "AUTO-ADV-4744"]
[Site "http://www.queenalice.com/game.php?id=1824802"]
[Date "2023.11.7"]
[Round "1"]
[White "Boeing"]
[Black "Carlos19"]
[Result "1-0"]
[WhiteElo "1938"]
[BlackElo "1594"]

1. e4 e5 2. Qh5 Nf6 3. Qxe5+ Be7 4. d3 Nc6 5. Qg3 g6 6. c3 d6 7. h3 h5 8. Bg5
Ne5 9. Bxf6 Bxf6 10. d4 Nd7 11. Nf3 h4 12. Nxh4 Bxh4 13. Qf3 Qf6 14. Nd2 Qxf3
15. Nxf3 Bf6 16. e5 dxe5 17. dxe5 Nxe5 18. Nxe5 Bxe5 19. O-O-O Bf4+ 20. Kb1 O-O
21. g3 Be5 22. f4 Bg7 23. g4 f5 24. g5 a5 25. h4 c5 26. h5 gxh5 27. Bc4+ Kh7 28.
Rd6 Rd8 29. Rxh5+ Bh6 30. Rxd8 Kg6 31. Rxh6+ Kg7 32. Rg8# 1-0